Paroles : Bekamine - 55ASKY - Statistiques

Statistiques générales
  • Ce quiz a été pris 11 fois
  • Le résultat moyen est 142 sur 340
Statistiques - réponses
Réponse % Correct
to
100%
To
100%
version
100%
à
80%
A
80%
a
80%
ca
80%
ça
80%
c'est
80%
C'est
80%
connais
80%
de
80%
Des
80%
des
80%
do
80%
je
80%
j'en
80%
la
80%
80%
merdeux
80%
mère
80%
reggaeton
80%
sa
80%
Teke
80%
teke
80%
tonnes
80%
Bécassine
60%
bonne
60%
cassés
60%
comme
60%
Comment
60%
comment
60%
cou
60%
donne
60%
en
60%
folle
60%
inverser
60%
le
60%
les
60%
ma
60%
mais
60%
pour
60%
tous
60%
tout
60%
Ana
40%
Anatole
40%
Avec
40%
avec
40%
bonbons
40%
cassis
40%
docteur
40%
entretient
40%
Faut
40%
fracassé
40%
goût
40%
gueule
40%
J'ai
40%
j'ai
40%
j'pensais
40%
J'suis
40%
Oh
40%
opiacés
40%
putain
40%
qu'c'était
40%
qui
40%
sur
40%
tramadol
40%
Tramadol
40%
un
40%
balle
20%
bourrés
20%
carabine
20%
cassée
20%
cassos
20%
cheveux
20%
Cupidon
20%
dans
20%
Deux
20%
est
20%
et
20%
Et
20%
gigabits
20%
gomme
20%
guidon
20%
J'me
20%
j'mets
20%
J'pars
20%
j'veux
20%
kératine
20%
kétamine
20%
Laisse
20%
laissé
20%
laptop
20%
Mon
20%
no
20%
20%
pleine
20%
pots
20%
qu'j'arrête
20%
rempli
20%
réparer
20%
Rosalith
20%
scope
20%
SeR4PH1M
20%
ses
20%
s'occupe
20%
tes
20%
toute
20%
verres
20%
Ableton
0%
ableton
0%
allo
0%
Askip
0%
avaler
0%
bagnole
0%
Bena
0%
bidon
0%
bijouterie
0%
bleus
0%
bricky
0%
Bricky
0%
cailloux
0%
calicologo
0%
c'était
0%
chez
0%
clodo
0%
conneries
0%
costaud
0%
courir
0%
Crevard
0%
diams
0%
Distro
0%
droit
0%
écrase
0%
envie
0%
faire
0%
gosses
0%
grave
0%
gris
0%
guedin
0%
Heureusement
0%
Hu
0%
hu
0%
Il
0%
ils
0%
J'sais
0%
juste
0%
Là-bas
0%
L'hyperpop
0%
l'instant
0%
loc
0%
mackogneur
0%
madame
0%
m'as
0%
meme
0%
même
0%
mets
0%
mets-lui
0%
montre
0%
ont
0%
pas
0%
patrouillent
0%
péta
0%
piques
0%
quand
0%
racelards
0%
racistes
0%
Regarde
0%
rendre
0%
sens
0%
Shamballa
0%
Sixt
0%
Steuplé
0%
Swarovski
0%
traverse
0%
trois-six
0%
tronche
0%
trouille
0%
Trouve
0%
tu
0%
Ultron
0%
Vec
0%
Vider
0%
y
0%
Aucun quiz correspondant
Distribution des résultats
% des personnes avec chaque résultat
Percentile par nombre de réponses
Votre historique - résultats
Vous n’avez pas pris ce quiz